<?xml version="1.0" encoding="UTF-8"?>
<record
    xmlns:xsi="http://www.w3.org/2001/XMLSchema-instance"
    xsi:schemaLocation="http://www.loc.gov/MARC21/slim http://www.loc.gov/standards/marcxml/schema/MARC21slim.xsd"
    xmlns="http://www.loc.gov/MARC21/slim">

  <leader>04035cam a22003015a 4500</leader>
  <controlfield tag="001">17794973</controlfield>
  <controlfield tag="005">20160215121923.0</controlfield>
  <controlfield tag="008">130628s2013    enka   frbf  f001 0 eng d</controlfield>
  <datafield tag="020" ind1=" " ind2=" ">
    <subfield code="a">9780199669486</subfield>
  </datafield>
  <datafield tag="040" ind1=" " ind2=" ">
    <subfield code="a">DLC</subfield>
    <subfield code="b">eng</subfield>
    <subfield code="c">DLC</subfield>
    <subfield code="d">DLC</subfield>
    <subfield code="d">EG-ScBUE</subfield>
    <subfield code="d">EG-ScBUE</subfield>
  </datafield>
  <datafield tag="082" ind1="0" ind2="4">
    <subfield code="a">332.6457015118</subfield>
    <subfield code="b">OXF</subfield>
    <subfield code="2">22</subfield>
  </datafield>
  <datafield tag="245" ind1="0" ind2="4">
    <subfield code="a">The Oxford handbook of credit derivatives /</subfield>
    <subfield code="c">edited by Alexander Lipton and Andrew Rennie.</subfield>
  </datafield>
  <datafield tag="246" ind1="3" ind2="0">
    <subfield code="a">Credit derivatives</subfield>
  </datafield>
  <datafield tag="260" ind1=" " ind2=" ">
    <subfield code="a">Oxford :</subfield>
    <subfield code="b">Oxford University Press,</subfield>
    <subfield code="c">2013.</subfield>
  </datafield>
  <datafield tag="300" ind1=" " ind2=" ">
    <subfield code="a">xxvi, 677 p. :</subfield>
    <subfield code="b">ill. ;</subfield>
    <subfield code="c">24 cm.</subfield>
  </datafield>
  <datafield tag="490" ind1="0" ind2=" ">
    <subfield code="a">Oxford handbooks in finance</subfield>
  </datafield>
  <datafield tag="504" ind1=" " ind2=" ">
    <subfield code="a">Includes bibliographical references and indexes.</subfield>
  </datafield>
  <datafield tag="505" ind1="0" ind2=" ">
    <subfield code="a">PART I: INTRODUCTION -- 1. Non-technical Introduction -- 2. Technical Introduction -- PART II: STATISTICAL OVERVIEW -- 3. Default Recovery Rates and LGD in Credit Risk Modelling and Practice -- 4. A Guide to Modelling Credit Term Structures -- 5. Statistical Data Mining Procedures in Generalized Cox Regressions -- PART III: SINGLE AND MULTI-NAME THEORY -- 6. An Exposition of CDS Market Models -- 7. Single and Multi-name Credit Derivatives: Theory and Practice -- 8. Marshall-Olkin Copula Based Models -- 9. Contagion Models in Credit Risk -- 10. Markov Chain Models of Portfolio Credit Risk -- 11. Counterparty Risk in Credit Derivative Contracts -- 12. Credit Value Adjustment in the Extended Structural Default Model -- PART IV: BEYOND NORMALITY -- 13. A New Philosophy of the Market -- 14. An EVT Primer for Credit Risk -- 15. Saddlepoint Methods in Portfolio Theory -- PART V: SECURITZATION -- 16. Quantitative Aspects of the Collapse of the Parallel Banking System -- 17. Home Price Derivatives and Modelling -- 18. A Valuation Model for ABS CDOs.</subfield>
  </datafield>
  <datafield tag="520" ind1="8" ind2=" ">
    <subfield code="a">From the late 1990s, the spectacular growth of a secondary market for credit through derivatives has been matched by the emergence of mathematical modelling analysing the credit risk embedded in these contracts. This book aims to provide a broad and deep overview of this modelling, covering statistical analysis and techniques, modelling of default of both single and multiple entities, counterparty risk, Gaussian and non-Gaussian modelling, and securitisation. Both reduced-form and firm-value models for the default of single entities are considered in detail, with extensive discussion of both their theoretical underpinnings and practical usage in pricing and risk. For multiple entity modelling, the now notorious Gaussian copula is discussed with analysis of its shortcomings, as well as a wide range of alternative approaches including multivariate extensions to both firm-value and reduced form models, and continuous-time Markov chains.</subfield>
  </datafield>
  <datafield tag="520" ind1="8" ind2=" ">
    <subfield code="a">One important case of multiple entities modelling - counterparty risk in credit derivatives - is further explored in two dedicated chapters. Alternative non-Gaussian approaches to modelling are also discussed, including extreme-value theory and saddle-point approximations to deal with tail risk. Finally, the recent growth in securitisation is covered, including house price modelling and pricing models for asset-backed CDOs. The current credit crisis has brought modelling of the previously arcane credit markets into the public arena. Lipton and Rennie with their excellent team of contributors, provide a timely discussion of the mathematical modelling that underpins both credit derivatives and securitisation. Though technical in nature, the pros and cons of various approaches attempt to provide a balanced view of the role that mathematical modelling plays in the modern credit markets.</subfield>
  </datafield>
  <datafield tag="520" ind1="8" ind2=" ">
    <subfield code="a">This book will appeal to students and researchers in statistics, economics, and finance, as well as practitioners, credit traders, and quantitative analysts.</subfield>
  </datafield>
  <datafield tag="650" ind1=" " ind2="0">
    <subfield code="a">Credit derivatives</subfield>
    <subfield code="x">Mathematical models</subfield>
    <subfield code="v">Handbooks, manuals, etc.</subfield>
    <subfield code="2">BUEsh</subfield>
  </datafield>
  <datafield tag="651" ind1=" " ind2=" ">
    <subfield code="2">BUEsh</subfield>
  </datafield>
  <datafield tag="653" ind1=" " ind2=" ">
    <subfield code="b">BUSADM</subfield>
    <subfield code="c">August2015</subfield>
    <subfield code="c">February2016</subfield>
  </datafield>
  <datafield tag="700" ind1="1" ind2=" ">
    <subfield code="a">Lipton, Alexander, </subfield>
    <subfield code="e">editor.</subfield>
    <subfield code="9">39347</subfield>
  </datafield>
  <datafield tag="700" ind1="1" ind2=" ">
    <subfield code="a">Rennie, Andrew,</subfield>
    <subfield code="e">editor.</subfield>
  </datafield>
  <datafield tag="942" ind1=" " ind2=" ">
    <subfield code="2">ddc</subfield>
  </datafield>
  <datafield tag="999" ind1=" " ind2=" ">
    <subfield code="c">20626</subfield>
    <subfield code="d">20598</subfield>
  </datafield>
  <datafield tag="952" ind1=" " ind2=" ">
    <subfield code="0">0</subfield>
    <subfield code="1">0</subfield>
    <subfield code="2">ddc</subfield>
    <subfield code="4">0</subfield>
    <subfield code="7">0</subfield>
    <subfield code="8">Baccah</subfield>
    <subfield code="a">MAIN</subfield>
    <subfield code="b">MAIN</subfield>
    <subfield code="c">1ST</subfield>
    <subfield code="d">2015-08-19</subfield>
    <subfield code="e">Purchase</subfield>
    <subfield code="g">717.00</subfield>
    <subfield code="h">21758</subfield>
    <subfield code="l">0</subfield>
    <subfield code="o">332.6457015118 OXF</subfield>
    <subfield code="p">000039773</subfield>
    <subfield code="r">2025-07-15 00:00:00</subfield>
    <subfield code="v">896.25</subfield>
    <subfield code="y">BB</subfield>
  </datafield>
</record>
